• 首页
  • 本馆介绍
  • 公告通知
  • 最新文献
  • 馆藏检索
  • 电子资源
  • 读者导购
  • 参考咨询
  • 我的图书馆
  • 登录
  • 详细信息显示
  • 放入我的书架
  • 预约/预借图书
  • 作者相关作品
  • 分类相关作品
  • 丛书相关作品
  • 出版社相关作品

书目信息

  • 表格格式
  • 工作单格式
  • 卡片格式
题名:
中国文学经典文本细读理论与个案批评
    
 
作者: 张学凯 主编
分册:   诗歌·散文
出版信息: 天津   南开大学出版社  2014.5
页数: 242页
开本: 24cm
丛书名: 国家特色专业包头师范学院汉语言文学专业建设丛书
单 册:
中图分类: I206 , I207.22
科图分类:
主题词: 中国文学--文学研究 , 诗歌研究--中国 , 散文--文学研究--中国 , 中国文学 , 文学研究 , 诗歌研究 , 散文 , 文学研究
电子资源:
ISBN: 978-7-310-04446-7
000 01442nam0 2200361 45
001 517
005 20141008151405.12
010    @a978-7-310-04446-7@dCNY36.00
100    @a20140704d2014 em y0chiy50 ea
101 0  @achi
102    @aCN@b120000
105    @ay z 000yy
106    @ar
200 1  @a中国文学经典文本细读理论与个案批评@AZhong Guo Wen Xue Jing Dian Wen Ben Xi Dou Li Lun Yu Ge An Pi Ping@i诗歌·散文@IShi Ge· San Wen@f张学凯主编 @FZhang Xue Kai Zhu Bian
210    @a天津@c南开大学出版社@d2014.5
215    @a242页@d24cm
225 2  @a国家特色专业包头师范学院汉语言文学专业建设丛书
300    @a内蒙古哲学社会科学规划项目“中国文学经典文本细读与审美文化”成果
330    @a本书分为理论和实践两块,理论部分主要讲述诗歌、散文的细读策略,以期使读者了解、掌握读解的方法,进而运用这些方法读解其他文本。实践部分主要为个案批评,精选了部分意蕴丰富、具有广阔的解读与研讨空间的诗歌、散文作为研究对象,引导读者在了解常识的基础上进行深入的创新性思考与阅读。
461  0 @12001 @a国家特色专业包头师范学院汉语言文学专业建设丛书
606 0  @a中国文学@x文学研究
606 0  @a诗歌研究@y中国
606 0  @a散文@x文学研究@y中国
606 0  @a中国文学
606 0  @a文学研究
606 0  @a诗歌研究
606 0  @a散文
606 0  @a文学研究
690    @aI206@v5
690    @aI207.22@v5
701  0 @a张学凯@AZhang Xue Kai@c(女,@f1964~)@4主编
801  0 @aCN@bTANGWEI@c20141006
905    @b0843283-85@dI206@e153@f3
    
    中国文学经典文本细读理论与个案批评.诗歌·散文/张学凯主编 .-天津:南开大学出版社,2014.5
    242页;24cm.-(国家特色专业包头师范学院汉语言文学专业建设丛书)
    内蒙古哲学社会科学规划项目“中国文学经典文本细读与审美文化”成果
    
    ISBN 978-7-310-04446-7:CNY36.00
    本书分为理论和实践两块,理论部分主要讲述诗歌、散文的细读策略,以期使读者了解、掌握读解的方法,进而运用这些方法读解其他文本。实践部分主要为个案批评,精选了部分意蕴丰富、具有广阔的解读与研讨空间的诗歌、散文作为研究对象,引导读者在了解常识的基础上进行深入的创新性思考与阅读。
●
相关链接 在E读中查询图书 在五车中查询图书 在当当中查询图书 在豆瓣中查询图书


正题名:中国文学经典文本细读理论与个案批评     索取号:I206/153         预约/预借

序号 登录号 条形码 馆藏地/架位号 状态 备注
1 0843283   208432837   第一样本阅览室/ [索取号:I206/153] 在馆    
2 0843284   208432846   第二借阅区/ [索取号:I206/153] 在馆    
3 0843285   208432855   第二借阅区/ [索取号:I206/153] 在馆    
唐山师范学院图书馆 欢迎您!
大连网信软件有限公司© 版权所有